<?xml version="1.0" encoding="UTF-8"?>
<marc:record xmlns:marc="http://www.loc.gov/MARC21/slim">
   <marc:leader>00000nam a2200000 a 4500</marc:leader>
   <marc:datafield ind1="1" ind2=" " tag="100">
      <marc:subfield code="a">Glass, Seressia</marc:subfield>
      <marc:subfield code="4">aut</marc:subfield>
      <marc:subfield code="e">Verfasser/-in</marc:subfield>
   </marc:datafield>
   <marc:datafield ind1=" " ind2=" " tag="653">
      <marc:subfield code="a">Liebe</marc:subfield>
   </marc:datafield>
   <marc:datafield ind1=" " ind2=" " tag="653">
      <marc:subfield code="a">Sex</marc:subfield>
   </marc:datafield>
   <marc:datafield ind1=" " ind2=" " tag="653">
      <marc:subfield code="a">Erotikroman</marc:subfield>
   </marc:datafield>
   <marc:datafield ind1=" " ind2=" " tag="653">
      <marc:subfield code="a">Leidenschaft</marc:subfield>
   </marc:datafield>
   <marc:datafield ind1="0" ind2="0" tag="245">
      <marc:subfield code="a">Gefährliche Versuchung</marc:subfield>
   </marc:datafield>
   <marc:datafield ind1="0" ind2="0" tag="245">
      <marc:subfield code="b">Roman</marc:subfield>
   </marc:datafield>
   <marc:datafield ind1=" " ind2="1" tag="264">
      <marc:subfield code="b">Knaur</marc:subfield>
      <marc:subfield code="c">2018</marc:subfield>
   </marc:datafield>
   <marc:datafield ind1="1" ind2=" " tag="490">
      <marc:subfield code="a">Sugar &amp; Spice</marc:subfield>
   </marc:datafield>
   <marc:datafield ind1="1" ind2=" " tag="520">
      <marc:subfield code="a">Im vierten Band der romantischen "Sugar &amp; Spice"-Reihe von US-Autorin Seressia Glass wird die stets brave und perfekte Vanessa von einem atemberaubenden Mann in Versuchung geführt – und ihr Leben verändert sich für immer.

Vanessa Longfellow hat seit ihrer Kindheit versucht, die Erwartungen ihrer extrem ehrgeizigen Familie zu erfüllen. Heute ist sie anerkannte Mitarbeiterin an der Herscher-Universität in Crimson Bay, kultiviert, höflich und zuvorkommend. Es gibt nur einen einzigen Ort auf der Welt, an dem sie nicht anständig und vorbildlich sein muss: im Exklusiv-Club Onyx, in dem sie in die Rolle der Mistress Vivienne schlüpft. Ihre Leidenschaft auf diese Weise auszuleben, genießt sie in vollen Zügen.
Vanessas geordnete Welt gerät jedoch ins Wanken, als sie im Onyx auf einen Mann trifft, mit dem das sinnliche Spiel eine Intimität und Vertrautheit entstehen lässt, die sie bisher nie gekannt hat. Erst recht, als sie ihm plötzlich außerhalb des Clubs begegnet und er mehr und mehr Interesse zeigt – und zwar nicht nur an Mistress Vivienne, sondern an ihr, Vanessa, mit all ihren Facetten. Vanessa ist hin- und hergerissen zwischen Freude und Angst.</marc:subfield>
   </marc:datafield>
   <marc:datafield ind1=" " ind2=" " tag="020">
      <marc:subfield code="a">9783426521854</marc:subfield>
      <marc:subfield code="9">9783426521854</marc:subfield>
   </marc:datafield>
</marc:record>
